Central Library OPAC University of Rajshahi
Normal view MARC view

Entry Topical Term

Number of records used in: 2

001 - CONTROL NUMBER

  • control field: 12460

003 - CONTROL NUMBER IDENTIFIER

  • control field: BD-RjUL

005 - DATE AND TIME OF LATEST TRANSACTION

  • control field: 20240321094010.0

008 - FIXED-LENGTH DATA ELEMENTS

  • fixed length control field: 240321|| aca||aabn | a|a d

040 ## - CATALOGING SOURCE

  • Original cataloging agency: BD-RjUL
  • Transcribing agency: BD-RjUL

150 ## - HEADING--TOPICAL TERM

  • Topical term or geographic name entry element: Urdu
  • Form subdivision: Letters

670 ## - SOURCE DATA FOUND

  • Source citation: Work cat.: (BD-RjUL)83432: ازاد، ابوالكلام = Āzād, Abūlkalām, 1888-1958. 12459, غبار الخاطر = G̲h̲ubār-i k̲h̲āt̤ir./, 1982